[Event "Tripoli Four Seasons-A"]
[Site "Tripoli"]
[Date "2020.03.10"]
[Round "2"]
[White "Bukshaim, Abdalsalam"]
[Black "Alfituri, Milad Alhadi"]
[Result "0-1"]
[WhiteElo "1816"]
[BlackElo "1870"]
[PlyCount "62"]
[EventDate "2020.03.09"]
[EventType "tourn"]
[EventRounds "9"]
[EventCountry "LBY"]
[SourceTitle "CBM 195 Extra"]
[Source "ChessBase"]
[SourceDate "2020.05.31"]
[SourceVersion "1"]
[SourceVersionDate "2020.05.31"]
[SourceQuality "1"]

1. d4 Nf6 2. Nc3 d5 3. Bf4 e6 4. a3 Be7 5. e3 0-0 6. Bd3 c5 7. dxc5 Bxc5 8. Nf3 Nc6 9. Bg5 e5 10. Bxf6 Qxf6 11. Nxd5 Qh6 12. 0-0 Bg4 13. Be2 f5 14. c4 Rad8 15. b4 Bd6 16. c5 Bb8 17. g3 Kh8 18. h3 Qxh3 19. Qb3 Qh5 20. Kg2 e4 21. Ng1 Bxe2 22. Nxe2 Qxe2 23. Rh1 Qf3+ 24. Kg1 Ne5 25. Nf4 Rf6 26. Rf1 Qg4 27. Kg2 Nf3 28. Rxh7+ Kxh7 29. Rh1+ Rh6 30. Rxh6+ Kxh6 31. Qe6+ Kh7 0-1